<?xml version="1.0" encoding="UTF-8"?><?xml-stylesheet type="text/xsl" href="static/style.xsl"?><OAI-PMH xmlns="http://www.openarchives.org/OAI/2.0/" xmlns:xsi="http://www.w3.org/2001/XMLSchema-instance" xsi:schemaLocation="http://www.openarchives.org/OAI/2.0/ http://www.openarchives.org/OAI/2.0/OAI-PMH.xsd"><responseDate>2026-04-17T12:13:32Z</responseDate><request verb="GetRecord" identifier="oai:www.recercat.cat:10256/18958" metadataPrefix="marc">https://recercat.cat/oai/request</request><GetRecord><record><header><identifier>oai:recercat.cat:10256/18958</identifier><datestamp>2024-06-14T09:44:47Z</datestamp><setSpec>com_2072_452955</setSpec><setSpec>com_2072_2054</setSpec><setSpec>col_2072_453064</setSpec></header><metadata><record xmlns="http://www.loc.gov/MARC21/slim" xmlns:dcterms="http://purl.org/dc/terms/" xmlns:xsi="http://www.w3.org/2001/XMLSchema-instance" xmlns:doc="http://www.lyncode.com/xoai" xsi:schemaLocation="http://www.loc.gov/MARC21/slim http://www.loc.gov/standards/marcxml/schema/MARC21slim.xsd">
   <leader>00925njm 22002777a 4500</leader>
   <datafield ind2=" " ind1=" " tag="042">
      <subfield code="a">dc</subfield>
   </datafield>
   <datafield ind2=" " ind1=" " tag="720">
      <subfield code="a">Ferrerós, Carla</subfield>
      <subfield code="e">author</subfield>
   </datafield>
   <datafield ind2=" " ind1=" " tag="720">
      <subfield code="a">Barrieras, Mònica</subfield>
      <subfield code="e">author</subfield>
   </datafield>
   <datafield ind2=" " ind1=" " tag="720">
      <subfield code="a">Roca Urgell, Francesc</subfield>
      <subfield code="e">author</subfield>
   </datafield>
   <datafield ind2=" " ind1=" " tag="720">
      <subfield code="a">Baltasar Bagué, Alícia</subfield>
      <subfield code="e">author</subfield>
   </datafield>
   <datafield ind2=" " ind1=" " tag="260">
      <subfield code="c">2020-12-26</subfield>
   </datafield>
   <datafield ind2=" " ind1=" " tag="520">
      <subfield code="a">Introduction: Study about communication problems taking into account issues related to the institution and to patients' language and culture. The expression of symptoms related to non-organic issues will be studied from a linguistic point of view as it generates misunderstandings that may go unnoticed by professionals. Objectives: The main objective is to analyse the communication barriers with immigrant patients of Amazigh origin. Specific objectives: analyse the available resources and the training in relation to the care immigrant patients receive; detailing strictly linguistic difficulties. Methodology: Qualitative. Descriptive. Setting: Hospitals and primary healthcare centers in Girona and Barcelona areas have been chosen at random. Participants: 32 informants: 13 doctors, 9 nurses, 4 intercultural mediators and 6 social workers. Process followed: A survey and a partially structured interview. For the analysis of the conversations and the interpretation of their content Atlas.ti 6.0 software was employed. Results: The healthcare professionals detected an unequal distribution and a lack of resources and time. Possible communication difficulties go undetected in the majority of cases. Conclusions: Some linguistic aspects may make the communication between healthcare professionals and patients speaking different L1 difficult.More resources and training coming from healthcare institutions would help solve this problem</subfield>
   </datafield>
   <datafield ind2=" " ind1=" " tag="520">
      <subfield code="a">Estudio sobre problemas de comunicación asistencial teniendo en cuenta la institución y&#xd;
la lengua y cultura de los pacientes. Se estudiará la expresión de síntomas relacionados con cuestiones no&#xd;
orgánicas desde el punto de vista lingüístico, y que genera malentendidos que suelen pasar desapercibidos&#xd;
por los profesionales. Objetivos: El objetivo principal es analizar barreras de comunicación con pacientes&#xd;
de origen amazig. Los objetivos específicos son analizar recursos disponibles y formación relacionada con la&#xd;
atención a pacientes inmigrantes y describir dificultades de comunicación. Metodología: Cualitativa descriptiva.&#xd;
Realizado en los centros de atención primaria y hospitales de las comarcas de Girona y Barcelona escogidos&#xd;
al azar. Participantes: 32 informantes (13 médicos, 9 enfermeros, 4 mediadores y 6 trabajadores sociales).&#xd;
Se utilizó un cuestionario y una entrevista semiestructurada. El análisis de los discursos e interpretación de&#xd;
los contenidos se realizó con el soporte Atlas.ti 6.0. Resultados: Los profesionales refieren una distribución&#xd;
desigual de los pacientes inmigrantes y carencia de recursos y de tiempo. Las dificultades de comunicación&#xd;
son no son detectadas en la mayoría de los casos. Conclusiones: Algunas cuestiones lingüísticas pueden&#xd;
dificultar la comunicación. Más recursos y formación proporcionada por la institución podrían ayudar a solventar&#xd;
este problema</subfield>
   </datafield>
   <datafield ind2=" " ind1=" " tag="520">
      <subfield code="a">Este trabajo ha sido financiado por los siguientes proyectos:&#xd;
Variación microparamétrica y cambio lingüístico en morfología,&#xd;
sintaxis y discurso (FFI2017-87140-C4-2-P) (MINECO) y Grup&#xd;
de lèxic i gramàtica (2017SGR1194) (AGAUR)</subfield>
   </datafield>
   <datafield ind1="8" ind2=" " tag="024">
      <subfield code="a">http://hdl.handle.net/10256/18958</subfield>
   </datafield>
   <datafield tag="653" ind2=" " ind1=" ">
      <subfield code="a">Llenguatge i llengües</subfield>
   </datafield>
   <datafield tag="653" ind2=" " ind1=" ">
      <subfield code="a">Language and languages</subfield>
   </datafield>
   <datafield tag="653" ind2=" " ind1=" ">
      <subfield code="a">Catalunya -- Emigració i immigració</subfield>
   </datafield>
   <datafield tag="653" ind2=" " ind1=" ">
      <subfield code="a">Catalonia -- Emigration and immigration</subfield>
   </datafield>
   <datafield tag="653" ind2=" " ind1=" ">
      <subfield code="a">Immigrants -- Catalunya</subfield>
   </datafield>
   <datafield tag="653" ind2=" " ind1=" ">
      <subfield code="a">Immigrants -- Catalonia</subfield>
   </datafield>
   <datafield ind2="0" ind1="0" tag="245">
      <subfield code="a">Barreras en la comunicación asistencial con pacientes inmigrantes de origen amazig</subfield>
   </datafield>
</record></metadata></record></GetRecord></OAI-PMH>